|
|
|
|
| LEADER |
00626nta a2200193 i 4500 |
| 001 |
dipl104549 |
| 005 |
20210125075300.0 |
| 008 |
210125s1985 hu om 0|| zxx d |
| 040 |
|
|
|a SZTE Diploma Repozitórium
|b hun
|
| 041 |
|
|
|a zxx
|
| 100 |
1 |
|
|a Megyeri Anna
|
| 245 |
1 |
2 |
|a A szegedi nagy árvizek története
|h [elektronikus dokumentum] /
|c Anna Megyeri
|
| 260 |
|
|
|c 1985
|
| 650 |
|
4 |
|a Bölcsészettudományok
|
| 650 |
|
4 |
|a Humanities
|
| 650 |
|
4 |
|a History and archaeology
|
| 650 |
|
4 |
|a Archaeology
|
| 700 |
1 |
|
|a Galgóczi Anna
|e ths
|
| 856 |
4 |
0 |
|u http://diploma.bibl.u-szeged.hu/id/eprint/104549/1/1985_megyeri_anna.pdf
|z Dokumentum-elérés
|